| 000 | 00517nam a2200181Ia 4500 | ||
|---|---|---|---|
| 005 | 20250508162921.0 | ||
| 008 | 008 250505s9999 xx 000 0 hin d | ||
| 037 | _aTextual | ||
| 040 |
_aFEDL _beng _cFEDL |
||
| 041 |
_ahin _2eng |
||
| 084 |
_a371.335, DAL _qFEDL |
||
| 100 |
_aDal Adgar _9774388 |
||
| 245 | 0 | _aAddhyapan mein sravaya drishya sadhan | |
| 260 |
_aChandigarh, India _bHaryana Sahitya Akadami _c1987 |
||
| 300 | _a1097p. | ||
| 942 |
_cTEXL _h371.335, DAL |
||
| 999 |
_c1379418 _d1379418 |
||